| 000 | 00424nam a22001577a 4500 | ||
|---|---|---|---|
| 005 | 20260327193021.0 | ||
| 008 | 260327b |||||||| |||| 00| 0 eng d | ||
| 020 | _a0205379559 | ||
| 020 | _a9780205379552 | ||
| 050 |
_aP90 _b.V53 VIV |
||
| 100 | _aVIVIAN JOHN | ||
| 245 |
_aTHE MEDIA OF MASS COMMUNICATION _cJOHN VIVIAN |
||
| 250 | _a6TH ED. | ||
| 260 |
_aBOSTON _bPEARSON EDUCATION INC. _c2003 |
||
| 942 |
_2lcc _cBK _e6TH ED. _n0 |
||
| 999 |
_c9191 _d9191 |
||